|
|
|
|
| LEADER |
01602nam a2200397 i 4500 |
| 001 |
EBC7098249 |
| 003 |
MiAaPQ |
| 005 |
20230220174821.0 |
| 006 |
m o d | |
| 007 |
cr cnu|||||||| |
| 008 |
230220s2023 nyu o 000 0 eng d |
| 020 |
|
|
|z 9781032299037
|q (print)
|
| 020 |
|
|
|a 9781000774672
|q (electronic bk.)
|
| 035 |
|
|
|a (MiAaPQ)EBC7098249
|
| 035 |
|
|
|a (Au-PeEL)EBL7098249
|
| 035 |
|
|
|a (OCoLC)1345590389
|
| 040 |
|
|
|a MiAaPQ
|b eng
|e rda
|e pn
|c MiAaPQ
|d MiAaPQ
|
| 050 |
|
4 |
|a JC571
|b .U73 2023
|
| 082 |
0 |
|
|a 323
|2 23
|
| 245 |
0 |
0 |
|a Urban politics of human rights /
|c edited by Janne E. Nijman [and four others].
|
| 264 |
|
1 |
|a New York ;
|a London :
|b Routledge, Taylor & Francis Group,
|c [2023]
|
| 264 |
|
4 |
|c Ã2023
|
| 300 |
|
|
|a 1 online resource (249 pages)
|
| 336 |
|
|
|a text
|b txt
|2 rdacontent
|
| 337 |
|
|
|a computer
|b c
|2 rdamedia
|
| 338 |
|
|
|a online resource
|b cr
|2 rdacarrier
|
| 588 |
|
|
|a Description based on print version record.
|
| 590 |
|
|
|a Electronic reproduction. Ann Arbor, MI : ProQuest, 2018. Available via World Wide Web. Access may be limited to ProQuest affiliated libraries.
|
| 650 |
|
0 |
|a Human rights.
|
| 650 |
|
0 |
|a Municipal government.
|
| 650 |
|
0 |
|a Metropolitan government.
|
| 655 |
|
4 |
|a Electronic books.
|
| 700 |
1 |
|
|a Nijman, Janne E.
|q (Janne Elisabeth),
|d 1972-
|e editor.
|
| 776 |
0 |
8 |
|i Print version:
|t Urban politics of human rights.
|d New York ; London : Routledge, Taylor & Francis Group, c2023
|h 249 pages
|z 9781032299037
|
| 797 |
2 |
|
|a ProQuest (Firm)
|
| 856 |
4 |
0 |
|u https://ebookcentral.proquest.com/lib/matrademy/detail.action?docID=7098249
|z Click to View
|